00440 a2200145 4500010001400000020002200014035001300036037001600049082001200065100002200077245004700099260004800146270007700194300002300271 aENG-89406 a8185883548c30.00 aEN-72939 bDBAD / PUB14a181.4321 aJyotir Maya Nanda1 aIntegral yoga today/cby Jyotir Maya Nanda aGhaziabadbInternational Yoga Societyc2008 aLal Bagh, LonibGhaziabade201102miys@vsnl.comcGhaziabadk0120-2600237 a96p.c22 cm (pbk)